000 00328 a2200109 4500
082 _a333.91 SHA
100 _aSharma, S. K.
245 _aPrinciples and practice of irrigation engineering
_cS. K. Sharma
250 _a1st ed.
260 _aNew Delhi :
_bS. Chand and Company Ltd,
_c1987
300 _a603p. :
_bill ., ;
_c21 cm
650 _aIrrigation Engineering
999 _c309
_d309